000 00431nam a2200181Ia 4500
005 20240823045309.0
008 240823s9999||||xx |||||||||||||| ||und||
041 _aENGLISH
082 _A380.1 N1
100 _aSurajit Sengupta
245 0 _aElements of Commerce
250 _a9th
260 _c1991
_b"Oxford,Calcutta"
500 _aTRANSFERED
650 _aManagement
_bManagement Studies
942 _cBK
999 _c214632
_d214632